000 00447nam a22001217a 4500
999 _c18758
_d18758
008 210209b xxu||||| |||| 00| 0 eng d
050 _aGMEC1303
_b.M84 2017 c.1
100 _aMuge, Loice Jeruto
245 _aRelationship between social media usage and self-esteem among undergraduate students of Kabarak University
_cLoice Jeruto Muge
260 _aKabarak, Nakuru, Kenya
_bKabarak, University
_c2017
300 _a111 leaves
942 _2lcc
_cTHE